000 00818nam-a2200205-a-4500
001 YSU0100738
003 AM-YeHGA
005 20250617153616.0
008 990707s1959 xxu 000 0 rus u
040 _aAM-YeHGA
245 1 0 _aМатериалы 4-й Всесоюзной конференции по селевым потокам /
_cРедкол. Р.Ж. Жулаев и др.
260 0 _aАлма-Ата :
_bИзд-во АН КазССР,
_c1959.
300 _a232 с.
550 _aАН КазССР, Ин-т энергетики
650 4 _aСелевые потоки
700 1 0 _aЖулаев, Р.Ж.
_4edt
710 2 _aИн-т энергетики АН Казахской ССР
711 2 _aВсесоюзная конференция по селевым потокам (4)
090 _c396766
999 _c394729
_d394729